Quizzes
Events
Quiz Creation
Community
Videos
Private Events
Remove Ads
Sign In
Join for FREE
Feedback
Dark Mode
Quiz Categories
Sports
Geography
Music
Movies
Television
Just For Fun
Miscellaneous
History
Literature
Language
Science
Gaming
Entertainment
Religion
Holiday
For Kids
Quiz Lab
Recent
Popular Today
Quiz Kudos Today
Editor Picks
Curator Picks
Quizzes by...
Day
Popularity
Type
Ratings
Length
Year
Community
Subscriptions
Recent Discussions
Orange Saloon
Badges
Playlists
Quests
Create
Leaderboards
Showdown
Live 5
Trivia Bingo
Activity
Puzzle Library
Sporcle Events
Private Events
Virtual Trivia
Globe League
Become a Host
Pub Owners
SporcleCon
Opinionation
Our Games
Videos
Blog
Mobile Apps
Partnerships
Remove Ads and Go Orange
Feedback
Geography
Country
Landmarks
City
State
Population
World
Capital
Continent
Flags
Europe
Africa
Asia
South America
North America
Oceania
Border
Canada
United Kingdom
Topography
United States
Geography
Country
Landmarks
City
State
Population
World
Capital
Continent
Flags
Europe
Africa
Asia
South America
North America
Oceania
Border
Canada
United Kingdom
Topography
United States
Random Quiz
Search Sporcle
×
Quiz Lab
Quiz Lab
Geography
State
Type in answers that appear in a list
Type in answers that appear in a list
Classic
Best Score? Go Orange.
State capitals by longitude (east to west) Stats
Can you name the U.S. state capitals by their longitude (easternmost to westernmost)?
By
dancastro
8m
50 Questions
804 Plays
804 Plays
804 Plays
Comments
Comments
Give Quiz Kudos
Give Quiz Kudos
-
- Ratings
hide this ad
Forced Order
Answers have to be entered in order
Answers have to be entered in order
Replay
Link that replays current quiz
Next Quiz
Link to next quiz in quiz playlist
You Got
0%
They Got
Avg Score
79%
Avg Friend Score
Upgrade to see
Score Distribution
Jump to the score distribution portion of the page
Score
0/50
Timer
08:00
0
Plays Today
West longitude
State capital
% Correct
69 deg 47 min
Augusta (Maine)
98.3%
71 deg 04 min
Boston (Massachusetts)
93.9%
71 deg 25 min
Providence (Rhode Island)
92.3%
71 deg 32 min
Concord (New Hampshire)
89.8%
73 deg 45 min
Albany (New York)
89.8%
72 deg 41 min
Hartford (Connecticut)
88.5%
72 deg 35 min
Montpelier (Vermont)
88.4%
74 deg 46 min
Trenton (New Jersey)
88.2%
75 deg 31 min
Dover (Delaware)
87.9%
76 deg 29 min
Annapolis (Maryland)
87.5%
76 deg 53 min
Harrisburg (Pennsylvania)
86.4%
77 deg 26 min
Richmond (Virginia)
86.1%
78 deg 38 min
Raleigh (North Carolina)
85.4%
81 deg 02 min
Columbia (South Carolina)
85.4%
81 deg 37 min
Charleston (West Virginia)
82.6%
83 deg 00 min
Columbus (Ohio)
81.8%
84 deg 23 min
Atlanta (Georgia)
81.3%
84 deg 17 min
Tallahassee (Florida)
80.6%
157 deg 51 min
Honolulu (Hawaii)
78.8%
84 deg 33 min
Lansing (Michigan)
78.6%
134 deg 25 min
Juneau (Alaska)
77.8%
84 deg 53 min
Frankfort (Kentucky)
77.1%
86 deg 10 min
Indianapolis (Indiana)
77%
123 deg 02 min
Salem (Oregon)
77%
86 deg 47 min
Nashville (Tennessee)
76.8%
West longitude
State capital
% Correct
122 deg 54 min
Olympia (Washington)
76.8%
121 deg 30 min
Sacramento (California)
76.7%
112 deg 06 min
Phoenix (Arizona)
76.5%
104 deg 59 min
Denver (Colorado)
76.3%
112 deg 01 min
Helena (Montana)
76.1%
119 deg 46 min
Carson City (Nevada)
76.1%
111 deg 53 min
Salt Lake City (Utah)
76%
116 deg 12 min
Boise (Idaho)
76%
86 deg 18 min
Montgomery (Alabama)
75.5%
97 deg 44 min
Austin (Texas)
75.5%
104 deg 49 min
Cheyenne (Wyoming)
75.5%
105 deg 56 min
Santa Fe (New Mexico)
75.5%
90 deg 11 min
Jackson (Mississippi)
75%
91 deg 11 min
Baton Rouge (Louisiana)
75%
89 deg 39 min
Springfield (Illinois)
74.8%
96 deg 42 min
Lincoln (Nebraska)
74.6%
95 deg 41 min
Topeka (Kansas)
74.5%
100 deg 47 min
Bismarck (North Dakota)
74.5%
89 deg 23 min
Madison (Wisconsin)
74.3%
97 deg 30 min
Oklahoma City (Oklahoma)
74.3%
100 deg 21 min
Pierre (South Dakota)
74.2%
93 deg 06 min
Saint Paul (Minnesota)
74.1%
92 deg 17 min
Little Rock (Arkansas)
73.7%
93 deg 36 min
Des Moines (Iowa)
73.7%
92 deg 10 min
Jefferson City (Missouri)
73.2%
Quiz Playlist
Details
Report
Send in Message
Add To Playlist
Classic:
Type in answers that appear in a list
Forced Order:
Answers have to be entered in order
Last Updated: Feb 16, 2017
Quiz Scoreboard
CHALLENGE
Sign Up to Join the Scoreboard
Show All
Scores
Hide
Comments
May contain spoilers
Recently Published
Billboard Blitz: Fleetwood Mac
by CooCooCachoo
Music
15s
Presidents Visiting Landmarks
by Hejman
History
7m
An Introduction to Baseball
by treessimontrees
Sports
5m
More to Explore
Quiz From the Vault
Featured Blog Post
Where Did the Easter Bunny Come From?
hide this ad
You Might Also Like...
Tags
Capital Quiz
State Quiz
east
longitude
West
Western
Today's Top Quizzes in Geography
Browse Geography
hide this ad
Today's Top Quizzes in State
Browse State
Top Contributed Quizzes in Geography
1
Countries of the World - No Outlines Minefield
2
Top 25 Cities of France on a map
3
Any capital of a 'B' country per Continent
4
Closest Countries to UK A-Z
5
Any capital of a 'C' country per Continent
6
One Thing in Common: United Kingdom
7
Any capital of a 'D' country per Continent
8
5-to-1: US Geography No Hints
9
Any capital of an 'E' country per Continent
10
Find the Provinces of Canada - No Outlines Minefield
Explore More
Trending Topics
Crossword
Marvel
Harry Potter
Anime
NBA
Kpop
Disney
NFL
The Office
Country
Song
WWE
Pokémon
Soccer
Puzzle
hide this ad
More By:
dancastro
Quiz
Plays
Rating
Category
Featured
Created
Longest Countries
193,265
4.66
Geography
Sep 16, 2010
Slimmest Countries
148,285
4.36
Geography
Oct 10, 2010
Eccentric State Capitals
107,250
4.39
Geography
Jan 9, 2011
Nearest Countries With The Same Initial
100,206
4.78
Geography
Nov 3, 2010
Longest Countries II (All-Inclusive)
72,575
4.71
Geography
Oct 3, 2010
Go to Creator's Profile
Score Distribution
Quiz Creator Spotlight
dancastro
Follow
Send a Message
Quizzes Created
-
Created Quiz Play Count
-
More By This Creator
Popular Quizzes Today
1
Find the US States - No Outlines Minefield
2
Find the Countries of Europe - No Outlines Minefield
3
The Countries of the World
4
Find the US States
5
Popular People in 1961
6
US States
7
Risky Map Clicking: Biggest States A-Z
8
Movies - When Are They Set?
More Geography Quizzes
US States Population Map Crawl
Published
Trending Quizzes
Risky Map Clicking: Least Populous States A-Z
1-10 Letter G Words
1-10 Letter F Words
Risky Map Clicking: Next State Alphabetically
Risky Map Clicking: Biggest States A-Z
Recently Updated
Leaping Animals
pecheneg
Reality TV Shows (A-Z)
bhenderson79
Rickey Henderson's Hall of Fame Teammates
pecheneg
Champions League XIs: Arsenal
pecheneg
Quick Pick: Celebrities in WWE's Hall of Fame
aduchscher
A-Z Keypad Blitz II
pecheneg
Multiple Oscar Actors
pecheneg
Mystery Phrase Blitz: Oscar 'Best Actors'
pecheneg
F. Scott Fitzgerald Novels
LTH
Pick 3 Villains
ddd62291
Trending Topics
Anime
Marvel
NBA
Harry Potter
Crossword
Disney
Kpop
Country
Puzzle
The Office
Soccer
Song
WWE
NFL
Pokémon
Your Account Isn't Verified!
In order to create a playlist on Sporcle, you need to verify the email address you used during registration. Go to your
Sporcle Settings
to finish the process.
Report this User
Report this user for behavior that violates our
Community Guidelines
.
Details:
Send Report
Go to the Sporcle.com Mobile Site →
Comments